Capitales d'Amérique du Sud - Quiz - Statistiques

Statistiques générales
  • Ce quiz a été pris 1 573 fois
  • Le résultat moyen est 9 sur 12
Statistiques - réponses
Pays Capitale % Correct
Argentine Buenos Aires
97%
Brésil Brasilia
96%
Colombie Bogotá
80%
Pérou Lima
80%
Chili Santiago
79%
Bolivie Sucre
73%
Uruguay Montevideo
72%
Équateur Quito
68%
Venezuela Caracas
66%
Paraguay Asunción
53%
Guyana Georgetown
49%
Suriname Paramaribo
37%
Aucun quiz correspondant
Distribution des résultats
% des personnes avec chaque résultat
Percentile par nombre de réponses
Votre historique - résultats
Vous n’avez pas pris ce quiz